000 nam a22 7a 4500
999 _c126365
_d126365
008 170407b xxu||||| |||| 00| 0 eng d
050 _aJC265.G68H63 2015
100 _aHoare, George
_929704
245 _aAn introduction to Antonio Gramsci
_cGeorge Hoare and Nathan Sperber
260 _aLondon
_bBloomsbury Academic
_c2016
300 _aix,257p.;
_c22cm.
440 _aHis life , thought and legacy
_929705
650 _aGramsci, Antonio
_xPolitical and social views
_y1891-1937
_929706
650 _aGramsci, Antonio
_xInfluence
_y1891-1937
_929707
650 _aPolitical science
_xPhilosophy
_xHistory
_y20th century
_917267
700 _aNathan, Sperber
_929708
942 _2lcc
_cMONOGRAPH